<?xml version="1.0" encoding="UTF-8"?>
<record
    xmlns:xsi="http://www.w3.org/2001/XMLSchema-instance"
    xsi:schemaLocation="http://www.loc.gov/MARC21/slim http://www.loc.gov/standards/marcxml/schema/MARC21slim.xsd"
    xmlns="http://www.loc.gov/MARC21/slim">

  <leader>01234cam a22002295a 4500</leader>
  <controlfield tag="001">17351212</controlfield>
  <controlfield tag="005">20130516130956.0</controlfield>
  <controlfield tag="008">120618s2012    nyu           000 0 eng  </controlfield>
  <datafield tag="010" ind1=" " ind2=" ">
    <subfield code="a">  2012942258</subfield>
  </datafield>
  <datafield tag="020" ind1=" " ind2=" ">
    <subfield code="a">9783642311864</subfield>
  </datafield>
  <datafield tag="082" ind1=" " ind2=" ">
    <subfield code="2">22</subfield>
    <subfield code="a">620.0042</subfield>
    <subfield code="b">CAV</subfield>
  </datafield>
  <datafield tag="100" ind1=" " ind2=" ">
    <subfield code="a">Cavazzuti, Marco.</subfield>
    <subfield code="9">33215</subfield>
  </datafield>
  <datafield tag="245" ind1="0" ind2="0">
    <subfield code="a">Optimization methods /</subfield>
    <subfield code="c">Marco Cavazzuti.</subfield>
  </datafield>
  <datafield tag="260" ind1=" " ind2=" ">
    <subfield code="a">New York :</subfield>
    <subfield code="b">Springer,</subfield>
    <subfield code="c">2012.</subfield>
  </datafield>
  <datafield tag="300" ind1=" " ind2=" ">
    <subfield code="a">xviii, 262 p. :</subfield>
    <subfield code="b">ill. ;</subfield>
    <subfield code="c">24 cm.</subfield>
  </datafield>
  <datafield tag="505" ind1=" " ind2=" ">
    <subfield code="a">Part 1.  Optimization theory --  Design of Experiments -- Response Surface Modelling --  Deterministic Optimization --  Stochastic Optimization --  Robust Design Analysis --  Part 2.  Applications --  General Guidelines: How to Proceed in an Optimization Exercise --  A Forced Convection Application: Surface Optimization for Enhanced Heat Transfer --  A Natural Convection Application: Optimization of Rib Roughened Chimneys --  An Analytical Application: Optimization of a Stirling Engine Based on the Schmidt Analysis and on the Adiabatic Analysis --  Conclusions.</subfield>
  </datafield>
  <datafield tag="650" ind1=" " ind2=" ">
    <subfield code="a">Engineering design</subfield>
    <subfield code="x">Mathematics.</subfield>
    <subfield code="9">33216</subfield>
  </datafield>
  <datafield tag="650" ind1=" " ind2=" ">
    <subfield code="a">Mechanics, Applied.</subfield>
    <subfield code="9">33217</subfield>
  </datafield>
  <datafield tag="650" ind1=" " ind2=" ">
    <subfield code="a">Engineering design</subfield>
    <subfield code="x">Mathematics.</subfield>
    <subfield code="9">33218</subfield>
  </datafield>
  <datafield tag="653" ind1=" " ind2=" ">
    <subfield code="b">Ele</subfield>
    <subfield code="c">May2013</subfield>
  </datafield>
  <datafield tag="942" ind1=" " ind2=" ">
    <subfield code="2">ddc</subfield>
    <subfield code="c">BB</subfield>
  </datafield>
  <datafield tag="999" ind1=" " ind2=" ">
    <subfield code="c">17473</subfield>
    <subfield code="d">17445</subfield>
  </datafield>
  <datafield tag="952" ind1=" " ind2=" ">
    <subfield code="0">0</subfield>
    <subfield code="1">0</subfield>
    <subfield code="2">ddc</subfield>
    <subfield code="4">0</subfield>
    <subfield code="7">0</subfield>
    <subfield code="8">Baccah</subfield>
    <subfield code="a">MAIN</subfield>
    <subfield code="b">MAIN</subfield>
    <subfield code="c">1ST</subfield>
    <subfield code="d">2013-05-16</subfield>
    <subfield code="e">purchase</subfield>
    <subfield code="g">1180.00</subfield>
    <subfield code="h">17733</subfield>
    <subfield code="l">0</subfield>
    <subfield code="o">620.0042 CAV</subfield>
    <subfield code="p">000028744</subfield>
    <subfield code="r">2025-07-15 00:00:00</subfield>
    <subfield code="v">1475.00</subfield>
    <subfield code="y">BB</subfield>
  </datafield>
</record>
